Unasylva 2002 International year of mountains

Salvato in:
Dettagli Bibliografici
Autore principale: UNASYLVA
Natura: Libro
Lingua:Undetermined
Pubblicazione: Rome, Italy FAO 2002
Soggetti:
Tags: Aggiungi Tag
Nessun Tag, puoi essere il primo ad aggiungerne! !
Thư viện lưu trữ: Trung tâm Học liệu Trường Đại học Cần Thơ
LEADER 00422nam a2200157Ia 4500
001 CTU_50551
008 210402s9999 xx 000 0 und d
082 |a 634 
082 |b U54/2002 
100 |a UNASYLVA 
245 0 |a Unasylva 2002 International year of mountains 
260 |a Rome, Italy 
260 |b FAO 
260 |c 2002 
650 |a forests and forestry 
980 |a Trung tâm Học liệu Trường Đại học Cần Thơ